000 00694nam a22002537a 4500
003 OSt
005 20210419121356.0
008 201124s2018 ||||| |||| 00| 0 eng d
020 _a9781506235912
040 _aeng
_beng
_cDLC
041 _aeng
080 _a617
_bK-20
100 _9273
_aPestana, Carlos
245 _aDr. Pestana's Surgery Notes
_b: Top 180 Vignettes for the Surgical Wards
_c/ by: Kaplan Medical
250 _a4th edition
260 _aNew York
_bKaplan Medical
_c2018
300 _a250 p.
365 _b34.99 usd
650 0 _9103
_aSurgery
650 0 _969
_aMedicine
653 _aქირურგია
653 _aმედიცინა
942 _2udc
_cBK
_e4
999 _c387
_d387